The architecture of the city / (Record no. 30319)
[ view plain ]
| 000 -LEADER | |
|---|---|
| fixed length control field | 02342nam a2200457 i 4500 |
| 001 - CONTROL NUMBER | |
| control field | ocm07977825 |
| 003 - CONTROL NUMBER IDENTIFIER | |
| control field | OCoLC |
| 005 - DATE AND TIME OF LATEST TRANSACTION | |
| control field | 20230509121144.0 |
| 008 - FIXED-LENGTH DATA ELEMENTS--GENERAL INFORMATION | |
| fixed length control field | 811106t1982 maua f b 001 0 eng d |
| 020 ## - INTERNATIONAL STANDARD BOOK NUMBER | |
| International Standard Book Number | 9780262680431 |
| 035 ## - SYSTEM CONTROL NUMBER | |
| System control number | (OCoLC)ocm07977825 |
| 035 ## - SYSTEM CONTROL NUMBER | |
| System control number | (OCoLC)7977825 |
| 040 ## - CATALOGING SOURCE | |
| Original cataloging agency | DLC |
| Language of cataloging | eng |
| Description conventions | rda |
| Transcribing agency | DLC |
| Modifying agency | MUQ |
| -- | NLGGC |
| -- | XTL |
| -- | YDXCP |
| -- | EDX |
| -- | LGG |
| -- | NIALS |
| -- | AU@ |
| -- | BDX |
| -- | OCLCF |
| -- | IG# |
| -- | OCLCQ |
| -- | OCLCA |
| -- | OCLCQ |
| -- | IAH |
| -- | OCLCQ |
| -- | NLC |
| -- | CSJ |
| -- | DHA |
| -- | OCLCQ |
| -- | CSA |
| -- | OCLCQ |
| -- | TYC |
| -- | OCLCQ |
| -- | CNO |
| -- | OCLCA |
| -- | CEF |
| -- | TKN |
| -- | CSO |
| -- | PAU |
| -- | FQG |
| -- | CPS |
| -- | SPP |
| -- | OCLCQ |
| -- | CPO |
| -- | NAM |
| -- | BUB |
| -- | SNN |
| -- | NJR |
| -- | INT |
| -- | JDP |
| -- | OCLCQ |
| -- | CUY |
| -- | QE2 |
| -- | IUL |
| -- | OL$ |
| -- | BGU |
| -- | S4S |
| -- | JG0 |
| -- | Z5U |
| -- | WYU |
| -- | DXU |
| -- | UWO |
| -- | LVT |
| -- | YOU |
| -- | NZ1 |
| -- | DCHUA |
| -- | HUELT |
| -- | OCLCQ |
| -- | EZC |
| -- | OCLCQ |
| -- | LENOT |
| -- | W2U |
| -- | DKC |
| -- | CSE |
| -- | FDU |
| -- | M8D |
| -- | TJC |
| -- | OCLCQ |
| -- | OCLCO |
| -- | CDS |
| -- | OCLCQ |
| -- | UKBTH |
| -- | OCLCQ |
| -- | RIOSL |
| -- | VVB |
| -- | ZNC |
| -- | ZAQ |
| -- | OCLCO |
| -- | OCL |
| -- | EG-ScBUE |
| 041 1# - LANGUAGE CODE | |
| Language code of text/sound track or separate title | eng |
| Language code of original and/or intermediate translations of text | ita |
| 082 00 - DEWEY DECIMAL CLASSIFICATION NUMBER | |
| Classification number | 711.4 |
| Edition number | 22 |
| Item number | ROS |
| 100 1# - MAIN ENTRY--PERSONAL NAME | |
| Personal name | Rossi, Aldo, |
| Dates associated with a name | 1931-1997, |
| Relator term | author. |
| 240 10 - UNIFORM TITLE | |
| Uniform title | <a href="Architettura della città.">Architettura della città.</a> |
| Language of a work | English |
| 245 14 - TITLE STATEMENT | |
| Title | The architecture of the city / |
| Statement of responsibility, etc | Aldo Rossi ; introduction by Peter Eisenman ; translation by Diane Ghirardo and Joan Ockman ; revised for the American edition by Aldo Rossi and Peter Eisenman. |
| 250 ## - EDITION STATEMENT | |
| Edition statement | [American edition] |
| 264 #1 - PUBLICATION, DISTRIBUTION, ETC. (IMPRINT) | |
| Place of publication, distribution, etc | Cambridge, Mass. : |
| Name of publisher, distributor, etc | MIT Press, |
| Date of publication, distribution, etc | [1982] |
| 264 #4 - PUBLICATION, DISTRIBUTION, ETC. (IMPRINT) | |
| Date of publication, distribution, etc | c1982 |
| 300 ## - PHYSICAL DESCRIPTION | |
| Extent | 201 pages, 1 unnumbered page : |
| Other physical details | illustrations ; |
| Dimensions | 26 cm. |
| 336 ## - CONTENT TYPE | |
| Content type term | text |
| Content type code | txt |
| Source | rdacontent |
| 337 ## - MEDIA TYPE | |
| Media type term | unmediated |
| Media type code | n |
| Source | rdamedia |
| 338 ## - CARRIER TYPE | |
| Carrier type term | volume |
| Carrier type code | nc |
| Source | rdacarrier |
| 490 1# - SERIES STATEMENT | |
| Series statement | Oppositions books |
| 500 ## - GENERAL NOTE | |
| General note | "Published for the Graham Foundation for Advanced Studies in the Fine Arts, Chicago, Illinois, and the Institute for Architecture and Urban Studies, New York, New York." |
| 500 ## - GENERAL NOTE | |
| General note | Errata slip inserted. |
| 504 ## - BIBLIOGRAPHY, ETC. NOTE | |
| Bibliography, etc | Includes bibliographical references and index. |
| 546 ## - LANGUAGE NOTE | |
| Language note | Text in English ; translated from the original Italian.<br/> |
| 650 #7 - SUBJECT ADDED ENTRY--TOPICAL TERM | |
| Topical term or geographic name as entry element | City planning. |
| Source of heading or term | BUEsh |
| 650 #7 - SUBJECT ADDED ENTRY--TOPICAL TERM | |
| Topical term or geographic name as entry element | Architecture. |
| Source of heading or term | BUEsh |
| 650 #7 - SUBJECT ADDED ENTRY--TOPICAL TERM | |
| Topical term or geographic name as entry element | City planning |
| Geographic subdivision | Italy |
| General subdivision | History. |
| Source of heading or term | BUEsh |
| 650 #7 - SUBJECT ADDED ENTRY--TOPICAL TERM | |
| Topical term or geographic name as entry element | Architecture |
| Geographic subdivision | Italy. |
| Source of heading or term | BUEsh |
| 650 #7 - SUBJECT ADDED ENTRY--TOPICAL TERM | |
| Topical term or geographic name as entry element | Architecture, Modern. |
| Source of heading or term | BUEsh |
| 655 ## - INDEX TERM--GENRE/FORM | |
| Form subdivision | Reading book |
| 700 1# - ADDED ENTRY--PERSONAL NAME | |
| Personal name | Eisenman, Peter, |
| Dates associated with a name | 1932- |
| Relator term | writer of introduction. |
| 710 2# - ADDED ENTRY--CORPORATE NAME | |
| Corporate name or jurisdiction name as entry element | Graham Foundation for Advanced Studies in the Fine Arts, |
| Relator term | sponsoring body. |
| 710 2# - ADDED ENTRY--CORPORATE NAME | |
| Corporate name or jurisdiction name as entry element | Institute for Architecture and Urban Studies, |
| Relator term | sponsoring body. |
| 942 ## - ADDED ENTRY ELEMENTS (KOHA) | |
| Source of classification or shelving scheme | Dewey Decimal Classification |
| Koha item type | Book - Borrowing |
| Withdrawn status | Lost status | Source of classification or shelving scheme | Damaged status | Not for loan | Collection code | Home library | Current library | Shelving location | Date acquired | Source of acquisition | Cost, normal purchase price | Serial Enumeration / chronology | Total Checkouts | Full call number | Barcode | Date last seen | Cost, replacement price | Price effective from | Koha item type |
|---|---|---|---|---|---|---|---|---|---|---|---|---|---|---|---|---|---|---|---|
| Dewey Decimal Classification | Baccah | Central Library | Central Library | Second Floor | 09/05/2023 | Purchase | 1412.00 | 37380 | 711.4 ROS | 000044973 | 15/07/2025 | 1765.00 | 09/05/2023 | Book - Borrowing |